000 00306nam a22001337a 4500
008 171019b xxu||||| |||| 00| 0 eng d
020 _a155422365
041 _aeng
080 _a338
100 _a53
101 _aMEN
245 _aAPPREACIATIVE MANAGEMENT AND LEADERSHIP
_cSRIVASTVA,S
942 _2udc
_cBK
999 _c34857
_d34857